[Event "Politiken Cup 33rd"]
[Site "Helsingor"]
[Date "2011.08.06"]
[Round "9"]
[White "Jacobsen, Caroline Beer"]
[Black "Gupta, Sudhir Kumar"]
[Result "1-0"]
[WhiteElo "1586"]
[BlackElo "1791"]
[PlyCount "65"]
[EventDate "2011.07.30"]
[EventType "swiss"]
[EventRounds "10"]
[EventCountry "DEN"]
[SourceTitle "CBM 143 Extra"]
[Source "ChessBase"]
[SourceDate "2011.08.29"]
[SourceVersion "1"]
[SourceVersionDate "2011.08.29"]
[SourceQuality "1"]

1. e4 Nf6 2. e5 Nd5 3. d4 d6 4. Nf3 Bg4 5. Bc4 e6 6. 0-0 Nb6 7. Bd3 d5 8. Nbd2 c5 9. c3 Nc6 10. dxc5 Bxc5 11. b4 Be7 12. Qb3 Bxf3 13. Nxf3 0-0 14. Bb2 Qc7 15. Rfe1 Nd7 16. Qc2 h6 17. Qe2 Nb6 18. a3 Rac8 19. Rac1 Qb8 20. Nd2 Bg5 21. Rc2 Rfd8 22. Nf3 Be7 23. Nd4 Nxd4 24. cxd4 Rxc2 25. Bxc2 Nc4 26. Bc1 Bf8 27. Qd3 g6 28. h4 Bg7 29. h5 g5 30. f4 f6 31. fxg5 f5 32. gxh6 Bf8 33. Qg3+ 1-0

[Event "Politiken Cup 33rd"]
[Site "Helsingor"]
[Date "2011.08.05"]
[Round "8"]
[White "Gupta, Sudhir Kumar"]
[Black "Schmitt, Carsten1"]
[Result "0-1"]
[WhiteElo "1791"]
[BlackElo "1959"]
[PlyCount "146"]
[EventDate "2011.07.30"]
[EventType "swiss"]
[EventRounds "10"]
[EventCountry "DEN"]
[SourceTitle "CBM 143 Extra"]
[Source "ChessBase"]
[SourceDate "2011.08.29"]
[SourceVersion "1"]
[SourceVersionDate "2011.08.29"]
[SourceQuality "1"]

1. Nf3 c5 2. g3 e6 3. c4 d5 4. Bg2 Nc6 5. cxd5 exd5 6. 0-0 Nf6 7. d4 Be7 8. Nc3 0-0 9. Bg5 c4 10. Ne5 Be6 11. Nxc6 bxc6 12. Re1 Rc8 13. Rc1 Re8 14. e3 h6 15. Bxf6 Bxf6 16. Qa4 Qb6 17. b4 Rb8 18. a3 Re7 19. Qc2 a5 20. Rb1 axb4 21. Rxb4 Qa7 22. Rxb8+ Qxb8 23. Rb1 Qa8 24. Qb2 Ra7 25. Qb8+ Qxb8 26. Rxb8+ Kh7 27. a4 Ra5 28. Rb6 c5 29. Nxd5 cxd4 30. Nxf6+ gxf6 31. exd4 Rxa4 32. Be4+ f5 33. d5 Ra1+ 34. Kg2 fxe4 35. dxe6 fxe6 36. Rxe6 c3 37. Rc6 Rc1 38. Rc4 c2 39. Kh3 Kg6 40. Kg4 h5+ 41. Kf4 Kf6 42. Rc6+ Ke7 43. h4 Kd7 44. Rc3 Ke6 45. Ke3 Kd5 46. Kd2 Rf1 47. Kxc2 Kd4 48. Ra3 Rxf2+ 49. Kd1 Rf3 50. Ra4+ Ke3 51. Ke1 Rxg3 52. Kf1 Rg4 53. Ra3+ Kf4 54. Rh3 Rg3 55. Rh2 Ra3 56. Re2 Rh3 57. Kg2 Rxh4 58. Rf2+ Ke5 59. Ra2 Rg4+ 60. Kh3 Kf4 61. Rf2+ Ke3 62. Rf5 Kd2 63. Rxh5 Rg8 64. Rd5+ Ke2 65. Ra5 e3 66. Rf5 Ke1 67. Rd5 e2 68. Rd7 Rg1 69. Kh2 Rg4 70. Kh3 Rf4 71. Kg3 Rf2 72. Rd6 Kf1 73. Rh6 Rg2+ 0-1

[Event "Politiken Cup 33rd"]
[Site "Helsingor"]
[Date "2011.08.01"]
[Round "4"]
[White "Bauder, Herbert"]
[Black "Gupta, Sudhir Kumar"]
[Result "1-0"]
[WhiteElo "1971"]
[BlackElo "1791"]
[PlyCount "45"]
[EventDate "2011.07.30"]
[EventType "swiss"]
[EventRounds "10"]
[EventCountry "DEN"]
[SourceTitle "CBM 143 Extra"]
[Source "ChessBase"]
[SourceDate "2011.08.29"]
[SourceVersion "1"]
[SourceVersionDate "2011.08.29"]
[SourceQuality "1"]

1. d4 Nf6 2. Nf3 d5 3. c4 e6 4. Nc3 Bb4 5. Bg5 0-0 6. e3 h6 7. Bh4 c6 8. Qc2 Nbd7 9. a3 Qa5 10. Rc1 Bxc3+ 11. Qxc3 Qxc3+ 12. Rxc3 Ne4 13. Rc2 f5 14. Bg3 a6 15. Bd3 Nxg3 16. hxg3 b5 17. cxb5 cxb5 18. Ke2 Nb6 19. b3 Bb7 20. Rc7 Rab8 21. Ne5 Rfc8 22. Rhc1 Na8 23. Rxb7 1-0

[Event "Copenhagen sim2"]
[Site "Copenhagen"]
[Date "2010.08.02"]
[Round "?"]
[White "Danielsen, Henrik"]
[Black "Gupta, Sudhir Kumar"]
[Result "1-0"]
[WhiteElo "2512"]
[BlackElo "1835"]
[PlyCount "55"]
[EventDate "2010.08.02"]
[EventType "simul"]
[EventRounds "1"]
[EventCountry "DEN"]
[SourceTitle "CBM 137 Extra"]
[Source "ChessBase"]
[SourceDate "2010.09.01"]
[SourceVersion "1"]
[SourceVersionDate "2010.09.01"]
[SourceQuality "1"]

1. d4 Nf6 2. Nf3 d5 3. c4 c6 4. cxd5 cxd5 5. Nc3 Nc6 6. Bf4 a6 7. e3 e6 8. Bd3 Bd6 9. Bg3 Nb4 10. Bb1 Bxg3 11. hxg3 Bd7 12. a3 Nc6 13. Bd3 Rc8 14. Rc1 Qb6 15. Na4 Qa5+ 16. b4 Nxb4 17. Rxc8+ Bxc8 18. axb4 Qxb4+ 19. Nd2 Bd7 20. Nc5 Bc6 21. 0-0 0-0 22. Qc2 Qb6 23. Rb1 Qc7 24. Nf3 Rc8 25. Ne5 Qd6 26. Qb3 Rc7 27. Nxc6 Qxc6 28. Nxb7 1-0

[Event "Politiken Cup 32nd"]
[Site "Copenhagen"]
[Date "2010.08.02"]
[Round "4"]
[White "Gupta, Sudhir Kumar"]
[Black "Schmied, Andreas"]
[Result "1-0"]
[WhiteElo "1835"]
[BlackElo "2069"]
[PlyCount "77"]
[EventDate "2010.07.31"]
[EventType "swiss"]
[EventRounds "10"]
[EventCountry "DEN"]
[SourceTitle "CBM 137 Extra"]
[Source "ChessBase"]
[SourceDate "2010.09.01"]
[SourceVersion "1"]
[SourceVersionDate "2010.09.01"]
[SourceQuality "1"]

1. d4 Nf6 2. Nf3 g6 3. g3 Bg7 4. Bg2 0-0 5. 0-0 d5 6. Bf4 c6 7. Nc3 Ne4 8. Ng5 Nxc3 9. bxc3 Nd7 10. Nf3 Re8 11. Ne5 Nxe5 12. Bxe5 Bxe5 13. dxe5 f6 14. Qd4 fxe5 15. Qxe5 Qd6 16. Qd4 e5 17. Qb4 Qc7 18. e4 Be6 19. Rfe1 c5 20. Qb2 d4 21. cxd4 cxd4 22. Bf1 b6 23. Rec1 Rac8 24. Ba6 Qc3 25. Qb5 Bc4 26. Qa4 Bxa6 27. Qxa6 Rc7 28. Qb5 Qc6 29. Rab1 Qxb5 30. Rxb5 Kf7 31. Rd5 g5 32. f4 gxf4 33. gxf4 exf4 34. Rxd4 Ke6 35. Kf2 Rc3 36. Rd2 Re7 37. Rcd1 Ke5 38. Rd5+ Kxe4 39. R1d4# 1-0

[Event "Gausdal Classics Elo"]
[Site "Gausdal"]
[Date "2005.04.15"]
[Round "3"]
[White "Schaefer, Alexander"]
[Black "Gupta, Sudhir Kumar"]
[Result "1/2-1/2"]
[WhiteElo "2035"]
[BlackElo "1412"]
[PlyCount "97"]
[EventDate "2005.04.13"]
[EventType "swiss"]
[EventRounds "9"]
[EventCountry "NOR"]
[SourceTitle "CBM 105 Extra"]
[Source "ChessBase"]
[SourceDate "2005.05.01"]
[SourceVersion "1"]
[SourceVersionDate "2005.05.01"]
[SourceQuality "1"]

1. e4 e6 2. d4 d5 3. Nc3 dxe4 4. Nxe4 Nf6 5. Bd3 Be7 6. Nf3 Nc6 7. c3 Bd7 8. Qc2 h6 9. 0-0 Nxe4 10. Bxe4 0-0 11. Be3 Re8 12. Rae1 Bd6 13. Bc1 Qf6 14. Re2 Bf4 15. Bxf4 Qxf4 16. Ne5 Nxe5 17. dxe5 Rab8 18. Rd1 Bb5 19. c4 Ba6 20. Rd4 Qg5 21. h4 Qe7 22. Red2 Red8 23. Qd3 Rxd4 24. Qxd4 c5 25. Qd6 Qxd6 26. exd6 Rd8 27. b3 b5 28. cxb5 Bxb5 29. Rc2 Rxd6 30. Rxc5 Bd7 31. g3 Kf8 32. Bb7 Rb6 33. Bf3 Ra6 34. a4 Rb6 35. Rc7 Rxb3 36. Rxd7 Rxf3 37. Kg2 Ra3 38. Rxa7 g5 39. hxg5 hxg5 40. a5 Kg7 41. a6 Kf6 42. Kh3 Ra2 43. Kg2 Ke5 44. Rxf7 Rxa6 45. Kh3 Ra4 46. f3 Rd4 47. Rf8 Rb4 48. Rf7 Rd4 49. Rf8 1/2-1/2

[Event "Gausdal Classics Elo"]
[Site "Gausdal"]
[Date "2005.04.14"]
[Round "2"]
[White "Andersen, Guttorm"]
[Black "Gupta, Sudhir Kumar"]
[Result "0-1"]
[WhiteElo "1284"]
[BlackElo "1412"]
[PlyCount "102"]
[EventDate "2005.04.13"]
[EventType "swiss"]
[EventRounds "9"]
[EventCountry "NOR"]
[SourceTitle "CBM 105 Extra"]
[Source "ChessBase"]
[SourceDate "2005.05.01"]
[SourceVersion "1"]
[SourceVersionDate "2005.05.01"]
[SourceQuality "1"]

1. e4 e6 2. d3 d5 3. Nd2 c5 4. g3 Nc6 5. Bg2 Nf6 6. Ne2 dxe4 7. Nxe4 Nxe4 8. Bxe4 Qc7 9. 0-0 Bd6 10. f4 0-0 11. Be3 f5 12. Bg2 b6 13. Nc3 a6 14. Qf3 Bb7 15. Qf2 Nb4 16. Rfe1 Bxg2 17. Qxg2 Rac8 18. Rad1 Qc6 19. d4 Qxg2+ 20. Kxg2 Nxc2 21. Re2 Nxe3+ 22. Rxe3 Kf7 23. d5 Rfe8 24. Red3 e5 25. fxe5 Rxe5 26. a4 Rce8 27. b3 Re3 28. Kf2 Rxd3 29. Rxd3 Be5 30. Ne2 g6 31. h3 Rd8 32. Kf3 b5 33. Nf4 Bxf4 34. Kxf4 Kf6 35. h4 h6 36. axb5 axb5 37. Rd1 g5+ 38. hxg5+ hxg5+ 39. Kf3 Rd6 40. Ra1 Rxd5 41. Ke3 Ke5 42. Ra5 f4+ 43. gxf4+ gxf4+ 44. Ke2 b4 45. Ra8 Kd4 46. Kd2 Ke4+ 47. Kc2 Ke3 48. Re8+ Kf2 49. Rf8 f3 50. Rf7 Ke2 51. Re7+ Kf1 0-1

[Event "Oslo op3b"]
[Site "Oslo"]
[Date "2005.03.25"]
[Round "4"]
[White "Szalai, Janos"]
[Black "Gupta, Sudhir Kumar"]
[Result "1-0"]
[WhiteElo "1784"]
[BlackElo "1412"]
[PlyCount "67"]
[EventDate "2005.03.23"]
[EventType "swiss"]
[EventRounds "9"]
[EventCountry "NOR"]
[SourceTitle "EXT 2007"]
[Source "ChessBase"]
[SourceDate "2006.11.23"]
[SourceVersion "1"]
[SourceVersionDate "2006.11.23"]
[SourceQuality "1"]

1. e4 e6 2. d4 d5 3. Nc3 dxe4 4. Nxe4 Nf6 5. Bg5 Be7 6. Bxf6 Bxf6 7. Nf3 Nc6 8. c3 0-0 9. Bd3 b6 10. 0-0 Bb7 11. Qc2 h6 12. Rfe1 Re8 13. Rad1 Be7 14. h3 Qc8 15. Qe2 a5 16. Ne5 Nxe5 17. dxe5 Ba6 18. Qg4 Rd8 19. Bb1 Rxd1 20. Rxd1 Bb7 21. Nf6+ Kh8 22. Nh5 g6 23. Bxg6 fxg6 24. Qxg6 Qg8 25. Qxh6+ Qh7 26. Qxh7+ Kxh7 27. Rd7 Kh6 28. Rxe7 Kxh5 29. g4+ Kg5 30. Rxe6 Rd8 31. Kh2 Rd1 32. f3 Bxf3 33. Kg3 Rd3 34. h4# 1-0

[Event "Sarpsborg CC-ch"]
[Site "Sarpsborg"]
[Date "2003.04.25"]
[Round "14"]
[White "Gupta, Sudhir Kumar"]
[Black "Skaug, Thorbjorn"]
[Result "1/2-1/2"]
[WhiteElo "1180"]
[BlackElo "1204"]
[PlyCount "39"]
[EventDate "2003.??.??"]
[EventType "swiss"]
[EventRounds "15"]
[EventCountry "NOR"]
[SourceTitle "EXT 2005"]
[Source "ChessBase"]
[SourceDate "2004.11.15"]
[SourceVersion "1"]
[SourceVersionDate "2004.11.15"]
[SourceQuality "1"]

1. c4 b6 2. b3 e6 3. Bb2 Nf6 4. e3 Bb7 5. Nf3 c5 6. Be2 Be7 7. 0-0 0-0 8. d4 cxd4 9. Nxd4 Nc6 10. Nxc6 Bxc6 11. Bf3 Qc7 12. Nc3 Bxf3 13. Qxf3 Qc6 14. Qxc6 dxc6 15. Rad1 Rfd8 16. Rxd8+ Rxd8 17. Rd1 Rxd1+ 18. Nxd1 Ne4 19. Nc3 Nxc3 20. Bxc3 1/2-1/2

[Event "Ostfold-ch"]
[Site "Moss"]
[Date "2003.03.02"]
[Round "6"]
[White "Feraget, Sadik"]
[Black "Gupta, Sudhir Kumar"]
[Result "1-0"]
[WhiteElo "1647"]
[BlackElo "1180"]
[PlyCount "83"]
[EventDate "2003.03.01"]
[EventType "swiss"]
[EventRounds "6"]
[EventCountry "NOR"]
[SourceTitle "EXT 2008"]
[Source "ChessBase"]
[SourceDate "2007.11.25"]
[SourceVersion "1"]
[SourceVersionDate "2007.11.25"]
[SourceQuality "1"]

1. d4 e6 2. c4 d5 3. Nc3 Bb4 4. e3 Nf6 5. Bd2 Bxc3 6. Bxc3 0-0 7. Nf3 b6 8. Bb4 Re8 9. c5 Ba6 10. Be2 Bxe2 11. Qxe2 a5 12. Ba3 Nc6 13. cxb6 cxb6 14. 0-0 Qb8 15. Rac1 Qb7 16. Qb5 Rac8 17. Bc5 Nd7 18. Bd6 Na7 19. Qd3 Rc6 20. Bg3 Rec8 21. Rb1 h6 22. h4 b5 23. Bf4 b4 24. g4 Qb5 25. Qd1 Qc4 26. g5 h5 27. Ne5 Nxe5 28. Bxe5 g6 29. Qf3 Kf8 30. Qf6 Nb5 31. Qg7+ Ke8 32. Qg8+ Ke7 33. Bf6+ Kd6 34. Qxf7 R6c7 35. Be5+ Kc6 36. Qxe6+ Kb7 37. Bxc7 Nxc7 38. Qxg6 Qe2 39. Qf5 Rf8 40. Qh3 Rf3 41. Qg2 Ne6 42. Rbe1 1-0

[Event "Ostfold-ch"]
[Site "Moss"]
[Date "2003.03.02"]
[Round "5"]
[White "Gupta, Sudhir Kumar"]
[Black "Bjorgvik, Jan Arne"]
[Result "1/2-1/2"]
[WhiteElo "1180"]
[BlackElo "1698"]
[PlyCount "69"]
[EventDate "2003.03.01"]
[EventType "swiss"]
[EventRounds "6"]
[EventCountry "NOR"]
[SourceTitle "EXT 2008"]
[Source "ChessBase"]
[SourceDate "2007.11.25"]
[SourceVersion "1"]
[SourceVersionDate "2007.11.25"]
[SourceQuality "1"]

1. Nf3 d5 2. d4 e6 3. e3 Nf6 4. c4 c6 5. Nc3 Bb4 6. cxd5 exd5 7. a3 Bd6 8. Bd3 0-0 9. 0-0 Re8 10. Qc2 Bg4 11. Nd2 Bh5 12. e4 dxe4 13. Ndxe4 Nxe4 14. Bxe4 Bg6 15. Bxg6 hxg6 16. g3 Nd7 17. Be3 Nf6 18. Bg5 Be7 19. Rad1 Nd5 20. Bxe7 Rxe7 21. Nxd5 Qxd5 22. Rd3 Rae8 23. Qb3 Re1 24. Qxd5 cxd5 25. b4 Rxf1+ 26. Kxf1 Rc8 27. Ke2 Kf8 28. Kd2 Ke7 29. Rc3 Rxc3 30. Kxc3 b5 31. Kd3 g5 32. h3 Ke6 33. g4 f5 34. f3 g6 35. Kc3 1/2-1/2

[Event "Ostfold-ch"]
[Site "Moss"]
[Date "2003.03.01"]
[Round "4"]
[White "Gupta, Sudhir Kumar"]
[Black "Hvesser, Roar"]
[Result "0-1"]
[WhiteElo "1180"]
[BlackElo "1450"]
[PlyCount "97"]
[EventDate "2003.03.01"]
[EventType "swiss"]
[EventRounds "6"]
[EventCountry "NOR"]
[SourceTitle "EXT 2008"]
[Source "ChessBase"]
[SourceDate "2007.11.25"]
[SourceVersion "1"]
[SourceVersionDate "2007.11.25"]
[SourceQuality "1"]

1. Nf3 d5 2. d4 e6 3. g3 Nf6 4. Bg2 Nbd7 5. 0-0 c5 6. c3 Be7 7. dxc5 Nxc5 8. Nbd2 Bd7 9. Nb3 Rc8 10. Nxc5 Bxc5 11. Bg5 Be7 12. Ne5 0-0 13. Nxd7 Qxd7 14. Bxf6 Bxf6 15. e4 d4 16. cxd4 Qxd4 17. Rb1 Qxd1 18. Rfxd1 Rc2 19. Rd7 Rb8 20. e5 Bxe5 21. Rbd1 Bf6 22. Be4 Rxb2 23. Rc7 Be5 24. Re7 Bf6 25. Rc7 Rb4 26. Bg2 Rd4 27. Rdc1 a5 28. Bxb7 g6 29. Rc8+ Rxc8 30. Rxc8+ Kg7 31. Rc5 Ra4 32. Rc2 Ra3 33. Ba6 h5 34. h4 Bd4 35. Kg2 Kf6 36. Re2 Kf5 37. Bc4 Rc3 38. Bb3 Kf6 39. Rc2 Rd3 40. Re2 e5 41. Rc2 g5 42. hxg5+ Kxg5 43. Bxf7 e4 44. Re2 e3 45. f4+ Kh6 46. Kf3 Bc5 47. Bc4 Rd1 48. Rg2 Rf1+ 49. Bxf1 0-1

[Event "John Dahlgren Memorial"]
[Site "Sarpsborg"]
[Date "2002.11.01"]
[Round "9"]
[White "Gupta, Sudhir Kumar"]
[Black "Andersen, Dag"]
[Result "0-1"]
[WhiteElo "1177"]
[BlackElo "1512"]
[PlyCount "102"]
[EventDate "2002.08.??"]
[EventType "swiss"]
[EventRounds "12"]
[EventCountry "NOR"]
[SourceTitle "EXT 2005"]
[Source "ChessBase"]
[SourceDate "2004.11.15"]
[SourceVersion "1"]
[SourceVersionDate "2004.11.15"]
[SourceQuality "1"]

1. Nf3 Nf6 2. g3 b6 3. Bg2 Bb7 4. 0-0 e6 5. d3 Be7 6. e4 d6 7. Be3 0-0 8. Nbd2 Nbd7 9. Nb3 a6 10. Qd2 Rc8 11. a4 c5 12. c4 Qc7 13. a5 Rfd8 14. axb6 Qxb6 15. Na5 Ba8 16. Rfb1 Ng4 17. h3 Nxe3 18. fxe3 Bf6 19. Ra3 Rb8 20. Rb3 Qc7 21. Rxb8 Rxb8 22. g4 Rb4 23. g5 Bd8 24. Ra1 Qb8 25. b3 Bxa5 26. Rxa5 Rxb3 27. Rxa6 d5 28. exd5 Rb1+ 29. Ne1 exd5 30. Qa5 Bb7 31. Ra7 Qg3 32. Kf1 Qxe3 33. Rxb7 Qxd3+ 34. Kf2 Qd4+ 35. Kg3 Rxb7 36. Qa8+ Rb8 37. Qxd5 Rb3+ 38. Nf3 Qxd5 39. cxd5 Nb6 40. d6 Rd3 41. Kf4 Rxd6 42. Ne5 Rd4+ 43. Be4 Nd5+ 44. Kf3 Nc3 45. Bc6 c4 46. Be8 f6 47. gxf6 gxf6 48. Ng4 Kg7 49. Ne3 Rd3 50. Kf4 Nd5+ 51. Nxd5 Rxd5 0-1

[Event "Sarpsborg op"]
[Site "Sarpsborg"]
[Date "2001.10.26"]
[Round "8"]
[White "Kristiansen, Espen"]
[Black "Gupta, Sudhir Kumar"]
[Result "1-0"]
[WhiteElo "968"]
[BlackElo "1151"]
[PlyCount "43"]
[EventDate "2001.08.??"]
[EventType "swiss"]
[EventRounds "12"]
[EventCountry "NOR"]
[SourceTitle "EXT 2005"]
[Source "ChessBase"]
[SourceDate "2004.11.15"]
[SourceVersion "1"]
[SourceVersionDate "2004.11.15"]
[SourceQuality "1"]

1. e4 e5 2. d4 exd4 3. Nf3 Nc6 4. Nxd4 Bc5 5. Nxc6 bxc6 6. Bc4 Bb7 7. Nc3 Nf6 8. 0-0 0-0 9. Bg5 Be7 10. Re1 Nxe4 11. Bxe7 Nxc3 12. bxc3 Qc8 13. Bxf8 Kxf8 14. Qe2 Qd8 15. Qh5 Qf6 16. Qxh7 g6 17. Qh3 d5 18. Bb3 Bc8 19. Qe3 Be6 20. Qc5+ Kg7 21. Qxc6 Qg5 22. Qxa8 1-0

[Event "Sarpsborg op"]
[Site "Sarpsborg"]
[Date "2001.10.12"]
[Round "7"]
[White "Gupta, Sudhir Kumar"]
[Black "Andersen, Dag"]
[Result "0-1"]
[WhiteElo "1151"]
[BlackElo "1486"]
[PlyCount "74"]
[EventDate "2001.08.??"]
[EventType "swiss"]
[EventRounds "12"]
[EventCountry "NOR"]
[SourceTitle "EXT 2005"]
[Source "ChessBase"]
[SourceDate "2004.11.15"]
[SourceVersion "1"]
[SourceVersionDate "2004.11.15"]
[SourceQuality "1"]

1. Nf3 g6 2. e4 d6 3. d4 Nf6 4. Nc3 Bg7 5. Be3 0-0 6. e5 Ne8 7. Be2 Nc6 8. exd6 cxd6 9. 0-0 a6 10. a4 e6 11. Rb1 Nc7 12. b4 Bd7 13. Rb3 Ne7 14. b5 axb5 15. Nxb5 Nxb5 16. Bxb5 Bxb5 17. axb5 Nd5 18. c4 Nxe3 19. Rxe3 Qa5 20. d5 e5 21. Qe1 Qa4 22. Nd2 f5 23. Qd1 Qa2 24. Nb3 Rfc8 25. Re2 Qa3 26. Qc2 Qb4 27. Nd2 Ra3 28. Rb1 Qc5 29. Rc1 e4 30. Kf1 Rca8 31. Nb3 Qb4 32. Rb1 Bc3 33. Re3 Rxb3 34. Rxb3 Ra1+ 35. Rb1 Rxb1+ 36. Qxb1 Qxb1+ 37. Ke2 Qe1# 0-1